000 00908nam a2200265Ia 4500
005 20250425162843.0
008 250425s9999 xx 000 0 und d
020 _a9781447154624
082 _a629.8
_pFRO
100 _aFrom, Pal Johan
245 0 _aVehicle-manipulator systems : modeling for simulation, analysis, and control
_c Pal Johan From, Jan Tommy Gravdahl, Kristin Ytterstad Pettersen
250 _aFirst edition
260 _aLondon
_bSpringer
_c2014
300 _a388 páginas
_bilustraciones
_c24 cm.
504 _aIncludes bibliographical references and index
650 _aControl and Systems Theory
650 _aRobótica y Automatización
650 _aRobotics and Automation
650 _aTeoría del Control y de Sistemas
700 _aGravdahl, Jan Tommy
700 _aYtterstad Pettersen, Kristin
902 _aMonográfico
_cImpreso
942 _c01
010 _a113759
999 _c237777
_d237777